|
|
|
|
| LEADER |
01050nam a2200313 a 4500 |
| 001 |
28750 |
| 003 |
BD-DhAAL |
| 005 |
20150113111524.0 |
| 008 |
150113s1990 enk 000 1 eng c |
| 010 |
|
|
|a 90168346
|
| 020 |
|
|
|a 9780571244782
|
| 020 |
|
|
|a 0571142575
|
| 040 |
|
|
|a MH
|c MH
|d DLC
|d BD-DhAAL
|
| 050 |
0 |
0 |
|a PR6061.U68
|b B8 1990b
|
| 082 |
0 |
0 |
|a 823/.914
|2 20
|
| 100 |
1 |
|
|a Kureishi, Hanif.
|9 5962
|
| 245 |
1 |
4 |
|a The buddha of suburbia /
|c Hanif Kureishi.
|
| 260 |
|
|
|a London ;
|a Boston :
|b Faber and Faber,
|c 1990.
|
| 300 |
|
|
|a 284 p. ;
|c 24 cm.
|
| 541 |
|
|
|e 28750
|
| 650 |
|
0 |
|a East Indians
|z England
|x Fiction.
|9 7356
|
| 650 |
|
0 |
|a Fathers and sons
|x Fiction.
|9 7357
|
| 650 |
|
0 |
|a Boys
|x Fiction.
|9 7358
|
| 651 |
|
0 |
|a London (England)
|x Fiction.
|9 7359
|
| 655 |
|
7 |
|a Domestic fiction.
|2 lcsh
|9 5618
|
| 655 |
|
7 |
|a Bildungsromane.
|2 gsafd
|9 5804
|
| 942 |
|
|
|2 ddc
|c BK
|
| 999 |
|
|
|c 33468
|d 33468
|
| 952 |
|
|
|0 0
|1 0
|2 ddc
|4 0
|6 823_914000000000000_KUR
|7 0
|9 44731
|a BRACUL
|b BRACUL
|c GEN
|d 2015-01-13
|l 1
|o 823.914 KUR
|p 3010028750
|r 2018-09-25
|s 2018-09-19
|t 1
|w 2015-01-13
|y BK
|